| 000 | 00671nam a2200241Ia 4500 | ||
|---|---|---|---|
| 003 | OSt | ||
| 005 | 20220928123924.0 | ||
| 006 | a|||||r|||| 00| 0 | ||
| 007 | ta | ||
| 008 | 220927b |||||||| |||| 00| 0 eng d | ||
| 024 | _a57344 | ||
| 037 | _cTextual | ||
| 040 |
_aSDCL _cSDCL _beng |
||
| 041 |
_2eng _aeng |
||
| 082 | _aV2y7N14, P9 | ||
| 100 |
_aDatta Nonica _9462297 |
||
| 245 | 0 |
_aViolence,martyrdom and partition _bA Daughter's Testimony |
|
| 260 |
_aNew Delhi _bOxford University Press _c2009 |
||
| 300 |
_axv,235p _ccm. |
||
| 650 |
_aSubhashini _9462298 |
||
| 942 |
_hV2y7N14, P9 _cTEXL _2CC |
||
| 999 |
_c775297 _d775297 |
||